Estudio teórico y experimental de la cinética del secado del ácido acetilsalicílico
Este trabajo trata acerca del secado optimo del acido acetilsalicílico y aborda sus propiedades obtención en el laboratorio, sus aplicaciones en la industria y muestra la representación gráfica del secado del ácido acetilsalicílico
| Main Author: | |
|---|---|
| Other Authors: | |
| Format: | Tesis Section = Libro |
| Language: | Undetermined Spanish |
| Published: |
Managua
UNI
2009
|
| Subjects: |
| LEADER | 01087nam a2200253Ia 4500 | ||
|---|---|---|---|
| 008 | 240830s9999 xx 000 0 und d | ||
| 040 | |a CEDOC DACA-RUSB / Mon 615.191 L925 | ||
| 041 | |a spa | ||
| 082 | |a Mon 615.191 L925 | ||
| 100 | 1 | |a Lozano Blass, Elizabeth | |
| 245 | 1 | 0 | |a Estudio teórico y experimental de la cinética del secado del ácido acetilsalicílico |
| 260 | |a Managua |b UNI |c 2009 | ||
| 300 | |a VIII 47 p. :il | ||
| 502 | |a Tesis (Ingeniero Químico) -UNI, 2009. | ||
| 520 | 3 | |a Este trabajo trata acerca del secado optimo del acido acetilsalicílico y aborda sus propiedades obtención en el laboratorio, sus aplicaciones en la industria y muestra la representación gráfica del secado del ácido acetilsalicílico | |
| 650 | 7 | |a MEDICAMENTOS SINTETICOS - ASPIRINA | |
| 650 | 7 | |b PROPIEDADES - ACIDOS ACETILSALICILICO. | |
| 650 | 7 | |c APLICACIONES - ACIDO ACETILSALICILICO. | |
| 650 | 7 | |d PROCESO - ACIDO ACETILSALICILICO. | |
| 650 | 7 | |e REPRESENTACIÓN GRAFICA DEL SECADO | |
| 700 | 1 | |a Tutor: |b Gamero, Rafael | |
| 942 | |c BK |2 ddc | ||
| 991 | |a TESIS | ||
| 999 | |c 26154 | ||